000 00403nam a2200157Ia 4500
008 231217s9999 xx 000 0 und d
041 _aEnglish
082 _a001.6424C APP;1 `R'
100 _aAppel, Andrew W Ginsburg, Maia
245 0 _aModern Compiler implementation in C
250 _aRev ed
260 _c2000
_bFoundation Books
300 _ax+544
650 _aCompiler, C
942 _cAA
999 _c168156
_d168156